| 000 | 01671nam a22002657a 4500 | ||
|---|---|---|---|
| 001 | 2162214035926686 | ||
| 003 | UA-OsUOA | ||
| 005 | 20260318152400.0 | ||
| 008 | 260318b -us||||| |||| 00| 0 eng d | ||
| 020 | _a9780395904206 | ||
| 040 |
_aUA-OsUOA _beng _cUA-OsUOA _dUA-OsUOA |
||
| 041 | _aeng | ||
| 080 | _a811.111(075) | ||
| 090 |
_a811.111(075) _bB25 |
||
| 100 |
_aBarnwell W. H. _918638 |
||
| 245 |
_aThe Resourceful Writer: A Basic Writing Course _cWilliam H. Barnwell, Robert Dees |
||
| 250 | _aFourth Edition | ||
| 260 |
_aBoston _aNew York _bHoughton Mifflin Company _c1999 |
||
| 300 | _a570 p. | ||
| 520 | _aThis classic introductory textbook offers a comprehensive guide to mastering the fundamentals of English composition. Built on the philosophy that effective writing begins with personal experience, the course leads students from expressive "freewriting" to structured academic and professional exposition. The book focuses on the writing process, emphasizing prewriting, drafting, and systematic revision. It uniquely integrates grammar and mechanics within the context of the student’s own work, rather than as isolated drills. Through a variety of rhetorical patterns—such as description, narration, and argumentation—The Resourceful Writer helps students build confidence, overcome writer's block, and develop a clear, resourceful prose style. It remains an essential tool for developmental writing programs and anyone seeking to strengthen their foundational communication skills. | ||
| 650 |
_a81 Лінгвістика. Мовознавство. Мови _91918 |
||
| 700 | 1 |
_aDees R. _924529 |
|
| 942 |
_cBK _2udc |
||
| 955 | _a2 | ||
| 999 |
_c282021 _d282021 |
||